| 000 | 00881cab a22002055a 4500 | ||
|---|---|---|---|
| 001 | L148968 | ||
| 008 | 091208e20091205xxk f 000 0 eng d | ||
| 035 | _a(Sirsi) u148968 | ||
| 041 | 0 | _aeng | |
| 100 | 1 | _aNorman, Paul | |
| 245 | 0 | 0 | _aEG Finance |
| 260 | _c2009 | ||
| 490 |
_aEstates Gazette _v(0948) 5 December 2009, 47-55(8) |
||
| 520 | _aProfiles pan-European fund manager Orion Capital Managers. Views real estate debt as a threat to stability of property market in 2010 if banks decided to call in loans and flood the market with property for sale. Whilst according to EPEA/NARETT UK index, UK property shares have doubled on average since March 2009, raises questions about their management and strategy and long term future. Lists largest UK REITS. | ||
| 590 | _aKA | ||
| 651 | 4 |
_aUnited Kingdom _y |
|
| 690 | _aPROPERTY | ||
| 700 | 1 | _aPhillips, Mike | |
| 942 | _n0 | ||
| 999 |
_c82012 _d82012 |
||